Tax-Advantaged Accounts for Health Care Expenses : Side-by-Side Comparison.

Provides background information on tax-advantaged accounts permitted under current law to help people pay for unreimbursed medical expenses, including flexible spending accounts (FSAs), health reimbursement accounts (HRAs), health savings accounts (HSAs), and Archer medical savings accounts (MSAs)....

Full description

Bibliographic Details
Corporate Authors: Library of Congress. Congressional Research Service, ProQuest (Firm)
Format: eBook
Language:English
Published: [Place of publication not identified] : [publisher not identified], 2006.
Series:U.S. Congressional Research.
Subjects:
Online Access:Connect to the full text of this electronic book

MARC

Tag First Indicator Second Indicator Subfields
LEADER 00000cam a22000001a 4500
001 in00003328913
006 m d f
007 cr bn mmmapmmp
008 101207s2006 dcu o f000 0 eng d
005 20260430225402.0
035 |a cis2007854178 
040 |a ProQuest  |c ProQuest  |d UtOrBLW 
043 |a n-us--- 
099 |a CRS-2006-DSP-0859 
110 2 |a Library of Congress.  |b Congressional Research Service. 
245 1 0 |a Tax-Advantaged Accounts for Health Care Expenses :  |b Side-by-Side Comparison. 
264 1 |a [Place of publication not identified] :  |b [publisher not identified],  |c 2006. 
300 |a 1 online resource. 
336 |a text  |b txt  |2 rdacontent 
337 |a computer  |b c  |2 rdamedia 
338 |a online resource  |b cr  |2 rdacarrier 
500 |a Record is based on bibliographic data in ProQuest U.S. Congressional Research Digital Collection (last viewed Dec. 2010). Reuse except for individual research requires license from ProQuest, LLC. 
500 |a CRS Report. 
520 |a Provides background information on tax-advantaged accounts permitted under current law to help people pay for unreimbursed medical expenses, including flexible spending accounts (FSAs), health reimbursement accounts (HRAs), health savings accounts (HSAs), and Archer medical savings accounts (MSAs). Presents side-by-side comparisons of the principal features of FSAs, HRAs, HSAs, and MSAs, and reviews rules regarding eligibility, contributions, qualifying expenses, nonqualified withdrawals, and carryover of unused funds for the 2007 tax year. 
500 |a Electronic resource. 
650 0 |a Health insurance. 
650 0 |a Medical economics. 
650 0 |a Tax incentives. 
655 7 |a Electronic books.  |2 local 
710 2 |a ProQuest (Firm) 
776 0 8 |i Microfiche version:   |a Library of Congress. Congressional Research Service.  |t Tax-Advantaged Accounts for Health Care Expenses 
830 0 |a U.S. Congressional Research. 
856 4 0 |u http://proxy.library.tamu.edu/login?url=https://congressional.proquest.com/congcomp/getdoc?CRDC-ID=CRS-2006-DSP-0859  |z Connect to the full text of this electronic book  |t 0 
999 |a MARS 
999 f f |s 1063ddcd-8361-3d75-90fe-0b0bd3811a16  |i d7455f5e-f18d-3974-b808-c8dce6aaa81d  |t 0 
952 f f |a Texas A&M University  |b College Station  |c Electronic Resources  |s www_evans  |d Available Online  |t 0  |e CRS-2006-DSP-0859  |h Other scheme 
998 f f |a CRS-2006-DSP-0859  |t 0  |l Available Online